| 000 | 00333nam a22001217a 4500 | ||
|---|---|---|---|
| 999 |
_c4688 _d4688 |
||
| 008 | 250307b ||||| |||| 00| 0 eng d | ||
| 020 | _a9781447273424 | ||
| 082 | _aE FIC DON | ||
| 100 |
_aDONALDSON,JULIA _eAUTHOR |
||
| 245 | _aPOSTMAN BEAR | ||
| 260 |
_a20 NEW WHARF ROAD,LONDON N1 9RR _bMACMILLAN CHILDREN'S BOOKS _c2015 |
||
| 942 | _2ddc | ||